Lipidy kože človeka-riešenie deficitu kozmetickými prípravkami

Gespeichert in:
Bibliographische Detailangaben
1. Verfasser: Janikovičová, Lujza
Format: Buch
Sprache:Slowakisch
Veröffentlicht: Bratislava STU FCHPT 2012
Online-Zugang:Im OPAC anzeigen
Tags: Tag hinzufügen
Keine Tags, Fügen Sie das erste Tag hinzu!

MARC

LEADER 00000nam a2200000 a 4500
005 20260127134223.0
008 120817 2012 xo 000 0 slo d
035 |a vtls010443102 
039 9 |y 201208170921  |z mschk03 
040 |a STUSCHK1  |b slo  |c STUSCHK1  |e AACR2 
100 1 |a Janikovičová, Lujza 
245 1 |a Lipidy kože človeka-riešenie deficitu kozmetickými prípravkami  |c Lujza Janikovičová 
260 |a Bratislava  |b STU FCHPT  |c 2012 
300 |a 27 s.  |b il.  |c 30 cm 
500 |a Obháj.: 11.7. 2012 
500 |a Študijný program: výživa-kozmetika-ochrana zdravia 
500 |a Študijný odbor: 5.2.24 potravinárstvo 
500 |a Bakalárska práca 
500 |a FCHPT, Oddelenie výživy a hodnotenia potravín 
500 |a Evidenčné číslo: 13046-50172 
910 |a SCHK95 
999 |c 7024  |d 7024